000 01546nam a2200277Ia 4500
999 _c55184
_d55184
001 22259
003 GE_BSU
005 20230220165833.0
008 181216s ||||ge |||||||||||||| ||geo||
020 _a978-9941-401-95-4
040 _cGE_BSU
041 _ageo
080 _a821.14'01-82 პ-46
100 _aპლუტარქოსი
_916978
245 _aმორალიები /
_cპლუტარქოსი ; ძვ. ბერძნ. თარგმნა, შესავ. წერილი და განმარტ. დაურთო ნანა ტონიამ ; რედ. : რისმაგ გორდეზიანი, მანანა ღარიბაშვილი.
264 _aთბილისი :
_bლოგოსი,
_c2011.
300 _a259 გვ. ;
_c 23 სმ.
490 _aპროგრამა "ლოგოსი"
541 _h15 ლ.
653 _aმორალიები
653 _aპუბლიკაციები და ღონისძიებები კლასიკური ფილოლოგიის, ბიზანტინისტიკისა და ნეოგრეცისტიკის სფეროში).
700 _aტონია, ნანა
_eმთარგმნელი
_916979
700 _aგორდეზიანი, რისმაგ
_eრედაქტორი
_916980
700 _aღარიბაშვილი, მანანა
_eრედაქტორი
_93637
942 _cBK
_2udc